<?xml version="1.0" encoding="UTF-8"?>
<record
    xmlns:xsi="http://www.w3.org/2001/XMLSchema-instance"
    xsi:schemaLocation="http://www.loc.gov/MARC21/slim http://www.loc.gov/standards/marcxml/schema/MARC21slim.xsd"
    xmlns="http://www.loc.gov/MARC21/slim">

  <leader>01005nam a22002777a 4500</leader>
  <controlfield tag="003">OSt</controlfield>
  <controlfield tag="005">20170123162356.0</controlfield>
  <controlfield tag="008">160913b        xxu||||| |||| 00| 0 eng d</controlfield>
  <datafield tag="010" ind1=" " ind2=" ">
    <subfield code="a">A-485757</subfield>
  </datafield>
  <datafield tag="020" ind1=" " ind2=" ">
    <subfield code="c">85.00</subfield>
  </datafield>
  <datafield tag="035" ind1=" " ind2=" ">
    <subfield code="a">A-485757</subfield>
  </datafield>
  <datafield tag="037" ind1=" " ind2=" ">
    <subfield code="b">Cen Lib/Ret</subfield>
  </datafield>
  <datafield tag="040" ind1=" " ind2=" ">
    <subfield code="a">DPL</subfield>
    <subfield code="b">UR</subfield>
    <subfield code="c">TIT</subfield>
  </datafield>
  <datafield tag="082" ind1=" " ind2=" ">
    <subfield code="a">270.32</subfield>
    <subfield code="b">&#x633; &#x6CC; &#x62F; </subfield>
  </datafield>
  <datafield tag="100" ind1=" " ind2=" ">
    <subfield code="a">&#x627;&#x646;&#x635;&#x627;&#x631;&#x6CC;&#x60C; &#x645;&#x62D;&#x645;&#x62F;&#x631;&#x636;&#x627;</subfield>
    <subfield code="9">112981</subfield>
  </datafield>
  <datafield tag="245" ind1=" " ind2=" ">
    <subfield code="a">/ &#x62A;&#x630;&#x6A9;&#x631;&#x6C1; &#x62D;&#x636;&#x631;&#x62A; &#x633;&#x6CC;&#x6CC;&#x62F; &#x635;&#x627;&#x62D;&#x628; &#x628;&#x627;&#x646;&#x633;&#x648;&#x6CC; </subfield>
    <subfield code="c">&#x645;&#x62D;&#x645;&#x62F; &#x631;&#x636;&#x627; &#x627;&#x646;&#x635;&#x627;&#x631;&#x6CC;</subfield>
  </datafield>
  <datafield tag="246" ind1=" " ind2=" ">
    <subfield code="a">Tazkirh Hazrat Saiyyad Sahab Banswi /</subfield>
    <subfield code="b">by Mohammad Raza Ansari</subfield>
  </datafield>
  <datafield tag="260" ind1=" " ind2=" ">
    <subfield code="a">&#x6A9;&#x631;&#x627;&#x686;&#x6CC; </subfield>
    <subfield code="b">&#x627;&#x62F;&#x627;&#x631;&#x6C1; &#x62A;&#x62D;&#x642;&#x6CC;&#x642;&#x627;&#x62A; </subfield>
    <subfield code="c">1988</subfield>
  </datafield>
  <datafield tag="270" ind1=" " ind2=" ">
    <subfield code="a">&#x639;&#x644;&#x6CC; &#x6AF;&#x691;&#x6BE; &#x6A9;&#x627;&#x644;&#x648;&#x646;&#x6CC; </subfield>
    <subfield code="b">&#x6A9;&#x631;&#x627;&#x686;&#x6CC; </subfield>
  </datafield>
  <datafield tag="300" ind1=" " ind2=" ">
    <subfield code="a">423p.</subfield>
    <subfield code="c">20cm(Hb)</subfield>
  </datafield>
  <datafield tag="650" ind1=" " ind2=" ">
    <subfield code="a">&#x627;&#x633;&#x644;&#x627;&#x645; --&#x645;&#x630;&#x6C1;&#x628;</subfield>
    <subfield code="v"> </subfield>
    <subfield code="9">142102</subfield>
  </datafield>
  <datafield tag="650" ind1=" " ind2=" ">
    <subfield code="a"> &#x633;&#x648;&#x627;&#x646;&#x62D; &#x62D;&#x6CC;&#x627;&#x62A; - &#x62D;&#x636;&#x631;&#x62A; &#x633;&#x6CC;&#x6CC;&#x62F; &#x635;&#x627;&#x62D;&#x628; &#x628;&#x627;&#x646;&#x648;&#x6CC; </subfield>
    <subfield code="9">137577</subfield>
  </datafield>
  <datafield tag="650" ind1=" " ind2=" ">
    <subfield code="a">Religion Islam</subfield>
    <subfield code="9">92070</subfield>
  </datafield>
  <datafield tag="650" ind1=" " ind2=" ">
    <subfield code="a">Biography --  Hazrat Saiyyad Sahab Banswi</subfield>
    <subfield code="9">137578</subfield>
  </datafield>
  <datafield tag="942" ind1=" " ind2=" ">
    <subfield code="2">ddc</subfield>
    <subfield code="c">UR</subfield>
    <subfield code="h">270.32</subfield>
    <subfield code="m">&#x633; &#x6CC; &#x62F; </subfield>
  </datafield>
  <datafield tag="999" ind1=" " ind2=" ">
    <subfield code="c">109600</subfield>
    <subfield code="d">109600</subfield>
  </datafield>
  <datafield tag="952" ind1=" " ind2=" ">
    <subfield code="0">0</subfield>
    <subfield code="1">0</subfield>
    <subfield code="2">ddc</subfield>
    <subfield code="4">0</subfield>
    <subfield code="7">0</subfield>
    <subfield code="a">L</subfield>
    <subfield code="b">L</subfield>
    <subfield code="d">2016-03-23</subfield>
    <subfield code="l">0</subfield>
    <subfield code="o">270.32 &#x633; &#x6CC; &#x62F;</subfield>
    <subfield code="p">A-485757</subfield>
    <subfield code="r">2016-03-23 00:00:00</subfield>
    <subfield code="w">2016-03-23</subfield>
    <subfield code="y">UR</subfield>
  </datafield>
</record>
